Catalog

Record Details

Catalog Search



Available copies

  • 7 of 7 copies available at LARL/NWRL Consortium.
  • 2 of 2 copies available at Lake Agassiz Regional Library. (Show preferred library)

Current holds

0 current holds with 7 total copies.

Show Only Available Copies
Location Call Number / Copy Notes Barcode Shelving Location Status Due Date
Bagley Public Library J FLA (Text) 33500013852595 Main Available -
Fosston Public Library J FLA (Text) 33500013852603 Main Available -
Karlstad LINK Site j FLA (Text) 35500004607568 Main Available -
Roseau Public Library j FLA (Text) 35500004719835 Main Available -
Roseau Public Library j FLA (Text) 35500004876791 Main Available -
Roseau Public Library j FLA (Text) 35500004553663 Main Available -
Warroad Public Library j FLA (Text) 35500006662207 Main Available -

Record details

  • ISBN: 9780142415245 (pbk.)
  • ISBN: 0142415243 (pbk.)
  • ISBN: 9780399250330
  • ISBN: 0399250336
  • Physical Description: 293 p. ; 24 cm.
  • Edition: 1st American ed.
  • Publisher: New York : Philomel Books, 2009.

Content descriptions

Summary, etc.:
Now a full-fledged Ranger, Will must rescue his ... Read More
Subject: Heroes > Fiction.
War > Fiction.
Fantasy.
LDR 02140cam a22004578a 4500
001100149
003LARL_NWRL_CONSORTIUM
00520230815170634.0
008080821r20092007nyu c 000 1 eng
020 . ‡a9780142415245 (pbk.)
020 . ‡a0142415243 (pbk.)
020 . ‡a9780399250330
020 . ‡a0399250336
035 . ‡a(OCoLC)244701974
042 . ‡alcac
08200. ‡a[Fic] ‡222
1001 . ‡aFlanagan, John ‡q(John Anthony) ‡0(LARL_NWRL_CONSORTIUM)200791
24514. ‡aThe siege of Macindaw / ‡cJohn Flanagan.
250 . ‡a1st American ed.
260 . ‡aNew York : ‡bPhilomel Books, ‡c2009.
300 . ‡a293 p. ; ‡c24 cm.
4900 . ‡aRanger's apprentice ; ‡v6
520 . ‡aNow a full-fledged Ranger, Will must rescue his friend Alyss from a rogue knight and uncover vital information needed to ward off a Scotti invasion.
650 1. ‡aHeroes ‡vFiction. ‡0(LARL_NWRL_CONSORTIUM)165591
650 1. ‡aWar ‡vFiction. ‡0(LARL_NWRL_CONSORTIUM)176223
650 1. ‡aFantasy. ‡0(LARL_NWRL_CONSORTIUM)19981
901 . ‡a100149 ‡bOCLC ‡c100149 ‡tbiblio

Additional Resources